Stavebná výroba a ochrana životného prostredia

Guardado en:
Detalles Bibliográficos
Autor principal: Klímek, Vojtech
Otros Autores: Kostelničák, Peter
Formato: Libro
Lenguaje:eslovaco
Publicado: Bratislava Alfa 1991
Edición:1. vyd.
Colección:Edícia stavebníckej literatúry
Materias:
Etiquetas: Agregar Etiqueta
Sin Etiquetas, Sea el primero en etiquetar este registro!

MARC

LEADER 00000nam a2200000 4500
001 c000995
005 20221214094929.6
020 |a 80-05-00068-5 
041 0 |a slo 
044 |a SK 
245 1 0 |a Stavebná výroba a ochrana životného prostredia  |c Vojtech Klímek, Peter Kostelničák 
250 |a 1. vyd. 
264 1 |a Bratislava  |b Alfa  |c 1991 
300 |a 265 s. 
490 1 |a Edícia stavebníckej literatúry 
830 0 |a Edícia stavebníckej literatúry 
610 2 0 |a ochrana prostredia životného 
610 2 0 |a výroba stavebná 
610 2 0 |a znečistenie ovzdušia 
610 2 0 |a znečistenie vôd 
610 2 0 |a ochrana pôdy 
610 2 0 |a odpad 
610 2 0 |a hluk 
610 2 0 |a stavebníctvo 
100 1 |a Klímek, Vojtech 
700 1 |a Kostelničák, Peter